MLB No Hitter Leaders - Statistics

General Stats
  • This quiz has been taken 24 times
  • The average score is 8 of 20
Answer Stats
No-Hitters Team Answer % Correct
7 Angels, Rangers, Astros Nolan Ryan
100%
2 Mariners, Diamondbacks Randy Johnson
81%
4 Dodgers Sandy Koufax
81%
3 Tigers, Astros Justin Verlander
71%
2 Nationals Max Scherzer
67%
2 Cubs (2015, 2016) Jake Arrieta
57%
2 Phillies Roy Halladay
57%
2 Giants Tim Lincecum
48%
2 White Sox Mark Buehrle
33%
2 Braves Warren Spahn
33%
2 Dodgers, Red Sox Hideo Nomo
24%
2 Astros, Athletics Mike Fiers
24%
2 Reds (2012, 2013) Homer Bailey
19%
2 Phillies, Tigers Jim Bunning
19%
2 Cardinals Bob Forsch
14%
2 Astros Don Wilson
14%
2 Royals Steve Busby
14%
2 Expos Bill Stoneman
10%
2 Reds (1969, 1965) Jim Maloney
5%
2 Cubs (1971, 1969) Ken Holtzman
5%
No matching quizzes found
Score Distribution
Percent of People with Each Score
Percentile by Number Answered
Your Score History
You have not taken this quiz